000 00536nam a22001937a 4500
005 20251108175209.0
008 250721s1994 xx 000 0 ara d
082 1 4 _a927.5/جيل
100 1 _aجيلو، فرنسواز
245 1 0 _aحياتي مع بيكاسو /
264 1 _aبغداد :
_bدار المأمون،
_c1994.
300 _aج.2.
650 1 7 _aالتراجم
650 1 7 _aالرسامون
700 1 _aليك، كارلتون
700 1 _aمظفر، مي
_eمترجم
942 _2ddc
_cBK
999 _c128455
_d128455